000 00587nam a2200217Ii 4500
001 10355
003 CO-ViMGA
008 241108s9999||||xx |||||||||||||| ||und||
020 _a8437250463
040 _aCO-ViMGA
_bspa
_erda
_cCO-ViMGA
041 0 _aspa
082 0 4 _aI672 R29m
100 1 _aJean-Pierre Reymond
_948485
245 1 0 _aLos metales
264 1 _aMadrid, EspaƱa : Altea, 1988
300 _avolumen
336 _atext
_btxt
_2rdacontent
337 _aunmediated
_bn
_2rdamedia
338 _avolume
_bnc
_2rdacarrier
940 _aidficha_siabuc: 10116. -- ficha_no_siabuc:10355
999 _c43127
_d43127